000 00481nam a2200121Ia 4500
008 220620s9999||||xx |||||||||||||| ||und||
100 _aLandøy, Ane||Popa, Daniela||Repanovici, Angela
245 0 _aCollaboration in Designing a Pedagogical Approach in Information Literacy
546 _aEnglish[eng]
650 _aEducation||Literacy||Teaching||Study Skills||Educational technology
856 _uhttps://library.oapen.org/bitstream/20.500.12657/23299/1/1006856.pdf
942 _cEB
999 _c29026
_d29026